Загрузка...
Improved milk goats
| Главный автор: | |
|---|---|
| Формат: | Printed Book |
| Язык: | Undetermined |
| Опубликовано: |
Newyork
1951
Orange juda publishing |
| LEADER | 00624nam a2200205Ia 4500 | ||
|---|---|---|---|
| 008 | 141122s9999 xx 000 0 und d | ||
| 040 | |c . | ||
| 041 | |a English | ||
| 082 | |a 641.3717 | ||
| 082 | |b TEW/IN | ||
| 100 | |a Will L Tewalt | ||
| 245 | |a Improved milk goats | ||
| 245 | |c Will L Tewalt | ||
| 260 | |b Newyork | ||
| 260 | |b Orange juda publishing | ||
| 260 | |c 1951 | ||
| 500 | |a Tr. to LPM | ||
| 942 | |c BK | ||
| 999 | |c 10901 |d 10901 | ||
| 952 | |0 0 |1 0 |4 2 |6 641_371700000000000_TEWIN |7 0 |9 10802 |a COVAS |b COVAS |d 0000-00-00 |l 1 |o 641.3717 TEW/IN |p 1192 |r 2017-08-07 |s 2017-06-27 |w 2014-11-26 |y BK |z Dept. of Live Stock Production Management | ||